Salterio Gitano (Romancero)

Αποθηκεύτηκε σε:
Λεπτομέρειες βιβλιογραφικής εγγραφής
Κύριος συγγραφέας: Gutiérrez Padial, Juan
Μορφή: Βιβλίο
Γλώσσα:Undetermined
Έκδοση: Granada, España Cuenca 1948
Θέματα:
Ετικέτες: Προσθήκη ετικέτας
Δεν υπάρχουν, Καταχωρήστε ετικέτα πρώτοι!

MARC

LEADER 00000nam a2200000Ia 4500
008 170316s9999 xx 000 0 und d
040 |a cru BVZT 
090 |a 862 G-55s 
100 |a Gutiérrez Padial, Juan 
245 |a Salterio Gitano (Romancero) 
260 |a Granada, España 
260 |b Cuenca 
260 |c 1948 
300 |a 197 páginas 
650 |a LITERATURA ESPAÑOLA 
999 |c 9961  |d 9961 
942 |c 15 D  |h 862 G-55s  |2 z